000 00544nam a2200193Ia 4500
999 _c7419
_d7419
003 OSt
005 20200212154911.0
008 190216s9999||||xx |||||||||||||| ||und||
020 _a9788120329591
040 _coclc
082 _a332.6320973
_bKEV/P
100 _aKevin, S
_91381
245 0 _aPortfolio Management /
_cS Kevin
250 _a2nd ed.
260 _bPrentice Hall Of India Pvt Ltd,
_aNew Delhi:
_c2007.
300 _a224p
650 _aCommerce
942 _cBK
_2ddc
_h332.6320973
_iKEV/P
_k332.6320973
_mKEV/P